ABC Geography #1 - Statistics

General Stats
  • This quiz has been taken 31 times
  • The average score is 19 of 27
Answers on the Map
Answers color-coded by a green-red scale on the quiz's map according to % correct below.
 
Answer Stats
Hints Answers % Correct
C Chasm in between cliffs; there's a Grand one in Arizona Canyon
93%
F Forming an iconic part of Tokyo's landscape, this snowy peak is a popular tourist destination Mount Fuji
93%
A A group of islands Archipelago
89%
E Europe's most active volcano Mount Etna
89%
T The US state that borders the most other US states (other than Missouri) Tennessee
89%
G Getting to know the inside structure of the earth alongside processes that involve it Geology
86%
S Sparsely populated region and Asian part of Russia Siberia
86%
D Defining the Alaskan mountain range, this mountain is the tallest in all of North America Denali
79%
J This city was founded by the Dutch as Batavia Jakarta
79%
W Waterside to the Vistula, this city is Poland's capital Warsaw
79%
N Now an island country whose landscape is barren, this place was once famed for its phosphate (the extensive mining of which altered the country's terrain) Nauru
75%
R Romance languages that are also official, national languages (There are 2. Name either language) Romanian | Romansh
75%
K One of Pakistan's mega-citess Karachi
71%
L Like the poem or verse of some fame, this Irish city shares its name. On the river Shannon with five lines written, the city has a history with acclaim. Limerick
71%
Y You might better know the Canadian province. However, a river with the same name also passes through the region Yukon
71%
X One of China's Four Great Ancient Capitals; home to the Terracotta Army Xi'an
68%
Z River famed for Victoria Falls Zambezi
68%
H Hints on what water may do on our planet, its management and the sources that contain it Hydrology
64%
U UP being its abbreviation, this state is the most populous in India Uttar Pradesh
61%
M Many islands make up the Philippines, but this is one of the three main island groups comprising the country (also itself the name of a major Philippine island) Mindanao
57%
O Other than Shetland, this island group makes up the Scottish Northern Isles Orkney
57%
Q South American language once spoken by the Incas Quechua
57%
& (and) and for the last question... Guess the country the flag belongs to! Trinidad and Tobago
46%
P People from a Lusophone country would speak this language Portuguese
43%
B Brings Monument Valley National Park its uniqueness (a valley full of tall hills with very steep sides and a flat top) Butte
39%
V Vat that Khao is found in this Laotian city (also the country's capital) - a large temple complex featuring a large, golden statue of a reclining Buddha Vientiane
36%
I Insights into certain attitudes and beliefs certain groups of people may adopt Ideology
29%
No matching quizzes found
Score Distribution
Percent of People with Each Score
Percentile by Number Answered
Your Score History
You have not taken this quiz